000 01222njm a2200313Ia 4500
001 E1331
003 IT-RoPAU
005 20220918181144.0
008 131025s9999 xx 000 0 und d
040 _aIT-RoPAU
040 _cIT-RoPAU
041 _aITALIANO
999 _c101465
_d101465
999 _bn.d.
100 _aDe Gregori Francesco
_95593
100 _eAutore musica
_931436
100 _gCodice autore musica SPICS: 1251
_95595
245 _aPrendere e lasciare
250 _a1a ed.
260 _aITALIA
260 _bSONY MUSIC ENTERTAINMENT
_c1996 [1a Ed.:1996 - Ed. Lingua Orig.: 1996]
300 _aCOMPACT DISC
300 _c75 minuti (Testo: pag.)
500 _aMusica leggera. Canzone italiana. Cantautore.
505 _aCompagni di viaggio - Rosa rosae - Tutti hanno un cuore - Un guanto - Jazz - L'agnello di Dio - Stelutis alpinis - Baci da Pompei - Prendi questa mano, zingara - Fine di un killer - Battere e levare.
650 _aCANTAUTORI [COMPACT DISC]
_eCodice MATERIA SPICS: 9949
_916479
700 _aDe Gregori Francesco
_eAutore testo e musica
_gCodice autore testo/musica SPICS: 1251
_931437
700 _aDe Gregori Francesco
_gCodice interprete SPICS: 1251
_eInterprete
_931438
942 _cCD
_2ddc